Úloha managementu hotelových služeb v rámci cestovního ruchu
Kúpeľný a hotelový wellness. Výsledky výskumu, ktorého cieľom bolo zmapovať wellness služby v Južnej Morave, zapájanie wellness služieb do obchodných aktivít hotelov ako aj finančné hľadisko.
Uložené v:
| Hlavný autor: | |
|---|---|
| Ďalší autori: | |
| Médium: | Kapitola |
| Jazyk: | Czech |
| Predmet: | |
| Tagy: |
Žiadne tagy, Buďte prvý, kto otaguje tento záznam!
|
MARC
| LEADER | 00000nla a2200000 4500 | ||
|---|---|---|---|
| 001 | 0196939 | ||
| 005 | 20240502083500.5 | ||
| 041 | 0 | |a cze | |
| 044 | |a CZ | ||
| 245 | 1 | 0 | |a Úloha managementu hotelových služeb v rámci cestovního ruchu |c Olga Kubová, Darina Eliašová |
| 520 | |a Kúpeľný a hotelový wellness. Výsledky výskumu, ktorého cieľom bolo zmapovať wellness služby v Južnej Morave, zapájanie wellness služieb do obchodných aktivít hotelov ako aj finančné hľadisko. | ||
| 610 | 2 | 0 | |a ruch cestovný |
| 610 | 2 | 0 | |a manažment |
| 610 | 2 | 0 | |a služby |
| 610 | 2 | 0 | |a hotely |
| 610 | 2 | 0 | |a relaxácia |
| 610 | 2 | 0 | |a oddych |
| 610 | 2 | 0 | |a kúpele |
| 610 | 2 | 0 | |a prieskum |
| 610 | 2 | 0 | |a Česko |
| 100 | 1 | |a Kubová, Olga | |
| 700 | 1 | |a Eliašová, Darina | |